MiLB Minor League Baseball Cities Quiz Stats

 Plays Quiz not verified by Sporcle

Score 0/160 Timer 15:00
0 Plays Today
State/Province City % Correct
MEPortland
86.6%
ORPortland
86.6%
ALBirmingham
85.4%
MSPearl
84%
TNJackson
84%
TNNashville
82.1%
TNMemphis
81.2%
NVLas Vegas
80.2%
ARNorth Little Rock
80%
KYLouisville
79.3%
BCVancouver
78.8%
LANew Orleans
78.1%
CASacramento
76.5%
OHColumbus
74.8%
ALMobile
74.4%
NVReno
74.1%
ALMontgomery
73.2%
SC*Fort Mill
72.5%
CAFresno
72.2%
NYBuffalo
71.8%
NYSyracuse
71.1%
MOSpringfield
70.6%
VARichmond
70.6%
UTSalt Lake City
70.4%
COColorado Springs
70.1%
OKOklahoma City
68.9%
PAScranton/Wilkes Barre
68.2%
SCCharleston
68.2%
WVCharleston
68.2%
FLJacksonville
68%
CASan Jose
67.8%
INIndianapolis
67.8%
ORKeizer
67.8%
VASalem
67.5%
NYRochester
67.3%
IADes Moines
67.1%
NEOmaha
67.1%
KYLexington
66.6%
OHToledo
66.1%
OHDayton
65.6%
NCDurham
65.2%
TXSan Antonio
64.9%
IDBoise
64.7%
OKTulsa
64.7%
PAHarrisburg
64.7%
NJTrenton
64.5%
DEWilmington
63.8%
NYTroy
63.8%
NMAlbuquerque
62.4%
MTHelena
61.9%
OHAkron
61.6%
NCZebulon
60.9%
PAErie
60%
TNKnoxville
60%
State/Province City % Correct
MILansing
59.1%
MTBillings
58.8%
VANorfolk
58.8%
WATacoma
58.6%
RIPawtucket
58.1%
GASavannah
57.4%
ALHuntsville
56.9%
FLTampa
56.9%
CABakersfield
56.7%
WASpokane
56.2%
TNChattanooga
55.5%
NYNew York
54.8%
GAAugusta
54.6%
NHManchester
52.5%
INFort Wayne
51.8%
IABurlington
51.5%
NCBurlington
51.5%
VTBurlington
51.5%
ARSpringdale
50.6%
TXCorpus Christi
49.9%
MIComstock Park
49.6%
CAModesto
48.5%
NCGreensboro
48.2%
OREugene
48%
TXRound Rock
47.5%
NYNew York
47.1%
NCWinston-Salem
47.1%
CAStockton
46.4%
PAAllentown
46.4%
SCGreenville
44.9%
ILPeoria
44.5%
MDBowie
43.5%
MTMissoula
43.5%
PAReading
43.5%
NYBinghamton
43.3%
MIMidland
42.4%
MALowell
41.9%
FLFort Myers
41.4%
IACedar Rapids
41.2%
INSouth Bend
40.7%
PAAltoona
40%
CALancaster
38.4%
NCAsheville
38.4%
SCMyrtle Beach
38.4%
UTOgden
38.4%
MDFrederick
38.1%
MDHagerstown
36.9%
TXMidland
36.9%
IADavenport
36.7%
WYCasper
36.7%
FLClearwater
35.3%
KYBowling Green
35.3%
IDIdaho Falls
34.8%
FLPort Saint Lucie
34.6%
State/Province City % Correct
CASan Bernardino
33.4%
FLDaytona Beach
32.7%
MTGreat Falls
32.5%
CAVisalia
31.8%
UTOrem
31.8%
CTNew Britain
31.3%
PAUniversity Park
31.3%
PAWilliamsport
31.3%
NYAuburn
31.1%
MDAberdeen
30.8%
TXFrisco
30.4%
GARome
29.4%
CARancho Cucamonga
29.2%
TNJohnson City
29.2%
FLLakeland
28.7%
OHNiles
28.7%
FLBradenton
28.5%
VABristol
27.5%
FLJupiter
27.3%
FLJupiter
27.3%
CALake Elsinore
26.8%
WAEverett
26.1%
OHEastlake
25.6%
NCKannapolis
24.2%
FLDunedin
24%
VALynchburg
24%
NCHickory
23.3%
NYBatavia
22.6%
WAYakima
22.4%
WIBeloit
20.9%
WIGrand Chutte
20.9%
NYJamestown
20.7%
WV/VA**Bluefield
20.7%
VAPulaski
20.5%
NJLakewood Township
20.2%
CTNorwich
20%
VADanville
20%
MDSalisbury
19.8%
IAClinton
19.3%
NCKinston
17.6%
TNKingsport
17.6%
FLPort Charlotte
16.7%
WAPasco
16.7%
GALawrenceville
15.8%
WVPrinceton
15.3%
TNGreeneville
13.6%
VAWoodbridge
11.1%
ILGeneva
10.8%
TNElizabethton
10.8%
CAAdelanto
9.6%
FLViera
9.6%
NYFishkill
7.5%

You're not logged in!

Compare scores with friends on all Sporcle quizzes.
OR
Log In

Show Comments

Extras

Top Quizzes Today


Score Distribution

Your Account Isn't Verified!

In order to create a playlist on Sporcle, you need to verify the email address you used during registration. Go to your Sporcle Settings to finish the process.

Report this User

Report this user for behavior that violates our Community Guidelines.

Details: